Пропуск в контексте
VuFind
Язык
English
Deutsch
Español
Français
Italiano
日本語
Nederlands
Português
Português (Brasil)
中文(简体)
中文(繁體)
Türkçe
עברית
Gaeilge
Cymraeg
Ελληνικά
Català
Euskara
Русский
Čeština
Suomi
Svenska
polski
Dansk
slovenščina
اللغة العربية
বাংলা
Galego
Tiếng Việt
Hrvatski
हिंदी
Все поля
Заглавие
Автор
Предмет
Шифр
ISBN/ISSN
Метка
Найти
Расширенный поиск
Поиск
Proceedings of the Symposium
Цитировать
Отправить на Email
Печать
Запись для экспорта
Экспорт в RefWorks
Экспорт в EndNoteWeb
Экспорт в EndNote
permanent_link
Загрузка...
Proceedings of the Symposium
Библиографические подробности
Соавтор:
Na
Язык:
English
Фонды
Описание
Схожие документы
Marc-запись
LEADER
00247nam a22000977a 4500
005
20151028162609.0
008
101213t xxu||||| |||| 00| 0 eng d
110
|a
Na
|9
29508
245
|a
Proceedings of the Symposium
|c
(Bound Volumes)
942
|c
BK
|6
_
999
|c
82504
|d
82504
Схожие документы
Proceeding of the second symposium /
по: TheobaldFred V
Опубликовано: (1989)
Proceedings of the Symposium on Crustacea
Proceedings of the Symposium on Crustacea
PROCEEDINGS OF THE SYMPOSIUM ALGOLOGY
Опубликовано: (1960)
Proceedings of the Symposium on Tectonics
по: National Institute of Sciences of India
Опубликовано: (1966)
Загрузка...